000 01034nas a2200325 4500
001 BR2021000078
003 BR-BrBNA
005 20231205132118.0
007 ta
008 230509b bl.|||p| |||| 00| 00por d
040 _aBR-BrBNA
_bpor
_cBiblioteca Nacional de Agricultura
041 _a(En)
072 _aP34
100 1 _aAraújo, E. da S.
100 1 _aSilva, B.F. da
100 1 _aChieza, E.D.
100 1 _aUrquiaga, S.
100 1 _aGuerra, J.G.M.
100 1 _aCosta, J.R.
100 1 _aEspíndola, J.A.A.
245 1 _aComparison of 15N isotope methods to determine the recovery efficiency of nitrogen from green manure
650 _aMILHO
650 _aADUBO VERDE
650 _aFIXAÇÃO DE NITROGÊNIO
650 _aLEGUMINOSA
773 0 _tPesquisa Agropecuária Brasileira (Brazil)
_xISSN 1678-3921
_g(2019), v. 54 p. 1-7
_wBR2021000078
856 4 0 _uhttps://www.scielo.br/j/pab/a/5mSyzwCnctyVC3BMZTdRsWk/?format=pdf lang=en
909 _a202311
_bLúcia
_c55
_dLúcia Elande
942 _2AGRIS
_n0
_cANA
999 _c258535
_d258535